Financial reform, monetary policy and banking crisis in Dominican Republic / (Registro nro. 8135)

Detalles MARC
000 -LIDER
fixed length control field 01118nam a2200301 a 4500
001 - NÚMERO DE CONTROL
Identificador de número de control 000039135
003 - IDENTIFICACDOR DE NÚMERO DE CONTROL
control field DO-SdBNP
005 - DATE AND TIME OF LATEST TRANSACTION
control field 20210607135630.0
007 - CAMPOS FIJOS DE DESCRIPCIÓN FÍSICA
fixed length control field 000039135
008 - ELEMENTOS DE LONGITUD FIJA
fixed length control field 130527s2013 dr 000 0 spa d
020 ## - ISBN
International Standard Book Number 9789945074819
040 ## - FUENTE DE CATALOGACIÓN
Agencia que crea de manera original el registro BPMSU
Idioma de catalogación spa
Agencia que realiza la transcripción BPMSU
082 ## - NÚMERO DE CLASIFICACIÓN DECIMAL DE DEWEY
Classification number 339.53097293
Item number S232f 2013
Edition number 22
100 1# - ASIENTO PRINCIPAL -- NOMBRE PERSONAL
Nombre personal Santana, Ruddy
240 ## - TITULO UNIFORME
Título uniforme Política monetaria, mecanismo de transmisión y reforma financiera en una pequeña economía abierta
245 10 - MENCIÓN DE TITULO
Título Financial reform, monetary policy and banking crisis in Dominican Republic /
Mención de responsabilidad Ruddy Santana.
260 ## - PUBLICACIÓN, DISTRIBUCIÓN, ETC. (PIE DE IMPRENTA)
Lugar de publicación, distribución, etc Santo Domingo :
Nombre del editor, distribuidor, etc. Archivo General de la Nación,
Fecha de publicación, distribución, etc 2013.
300 ## - DESCRIPCIÓN FÍSICA
Extensión 277 p. ;
Dimensiones 24 cm.
490 0# - MENCIÓN DE SERIES
Mención de serie Archivo General de la Nación
Volume/sequential designation 189
500 ## - NOTA GENERAL
Nota general Presentado originalmente como tesis del autor (doctorado) - New School University, 2005.<br/>
504 ## - NOTA DE BIBLIOGRAFÍA, ETC.
Bibliography, etc Bibliografía : p. 249 - 267
534 ## - NOTA SOBRE LA VERSIÓN ORIGINAL
Asiento principal del original <br/>
546 ## - NOTA DE IDIOMA
Nota de idioma Texto en inglés con prólogo y prefacio en inglés y español.
650 #4 - ENCABEZAMIENTO DE MATERIA--TEMÁTICO
Término temático o nombre geográfico como elemento de entrada Política monetaria
Subdivisión geográfica República Dominicana.
650 #4 - ENCABEZAMIENTO DE MATERIA--TEMÁTICO
Término temático o nombre geográfico como elemento de entrada Política monetaria
910 ## - VALIDACIÓN
Validación VMateo
942 ## - ADDED ENTRY ELEMENTS (KOHA)
Source of classification or shelving scheme Dewey Decimal Classification
Koha item type Libros
Existencias
Withdrawn status Lost status Source of classification or shelving scheme Damaged status Not for loan Collection code Home library Current library Date acquired Source of acquisition Total Checkouts Full call number Barcode Date last seen Price effective from Koha item type Copy number
    Dewey Decimal Classification     Colección Dominicana Biblioteca Pública Metropolitana Salomé Ureña Biblioteca Pública Metropolitana Salomé Ureña 08/07/2015 Archivo General de la Nación   BPMSU CD 339.53097293 S232f 2013 BPMSU15080234 08/07/2015 08/07/2015 Libros  
    Dewey Decimal Classification     Colección Dominicana Biblioteca Pública Metropolitana Salomé Ureña Biblioteca Pública Metropolitana Salomé Ureña 08/07/2015 Archivo General de la Nación   BPMSU CD 339.53097293 S232f 2013 BPMSU21060024 06/07/2021 08/07/2015 Libros e.2